Man probes the universe
Αποθηκεύτηκε σε:
| Κύριος συγγραφέας: | |
|---|---|
| Άλλοι συγγραφείς: | |
| Μορφή: | Βιβλίο |
| Γλώσσα: | English |
| Δημοσίευση: |
London :
Aldus books,
1964
|
| Θέματα: | |
| Ετικέτες: |
Προσθήκη ετικέτας
Δεν υπάρχουν, Καταχωρήστε ετικέτα πρώτοι!
|
MARC
| LEADER | 00000cam a2200000 i 4500 | ||
|---|---|---|---|
| 001 | 1/42345 | ||
| 008 | 961030s1964 eng d | ||
| 035 | |l 10025575 | ||
| 040 | |a GR-MY-UA |b gre |e aacr | ||
| 041 | 0 | |a eng | |
| 082 | 0 | |a 520 | |
| 100 | 1 | |a Ronan, Colin A. | |
| 245 | 1 | 0 | |a Man probes the universe / |c Colin A. Ronan ; diagrams by Sidney W. Woods |
| 260 | |a London : |b Aldus books, |c 1964 | ||
| 300 | |a 156 p.; |b ill.; |c 27 cm | ||
| 500 | |a Includes index and maps | ||
| 650 | 0 | 0 | |a Astronomy. |
| 700 | 1 | |a Woods, Sidney W. |4 ill | |
| 852 | |a INST |b CHIOS |e 19961030 |h 520 RON |p 005200011142 |q 005200011142 |t BK |y 0 | ||
| 901 | |a BIBL2-2000-2 | ||
| 909 | |a Χ |b 018508 | ||
| 970 | |z 2000/08/ΔΕΜΕΝΑΓΑΣ | ||